Η κινηματογραφική κριτική στον αθηναϊκό ημερήσιο πολιτικό τύπο : πτυχιακή εργασία

Saved in:
Bibliographic Details
Main Author: Ευσταθιάδη, Ευαγγελία
Corporate Author: Πανεπιστήμιο Αιγαίου. Σχολή Κοινωνικών Επιστημών. Τμήμα Πολιτισμικής Τεχνολογίας και Επικοινωνίας
Other Authors: Σκοπετέας, Γιάννης (Thesis advisor)
Format: Thesis Book
Language:Greek
Published: Μυτιλήνη : Πανεπιστήμιο Αιγαίου, Τμήμα Πολιτισμικής Τεχνολογίας και Επικοινωνίας, 2005
Subjects:
Online Access:http://hdl.handle.net/11610/10647
Tags: Add Tag
No Tags, Be the first to tag this record!

MARC

LEADER 00000cam a2200000 i 4500
001 1/23880
008 060210s2005 gre d
035 |l 10082541 
040 |a GR-MY-UA  |b gre  |e aacr 
041 0 |a gre 
082 0 |a 791.43  |2 (22) 
100 1 |a Ευσταθιάδη, Ευαγγελία. 
245 1 2 |a Η κινηματογραφική κριτική στον αθηναϊκό ημερήσιο πολιτικό τύπο :  |b πτυχιακή εργασία /  |c Ευσταθιάδη Ευαγγελία ; υπεύθυνος καθηγητής Σκοπετέας Γιάννης 
260 |a Μυτιλήνη :   |b Πανεπιστήμιο Αιγαίου, Τμήμα Πολιτισμικής Τεχνολογίας και Επικοινωνίας,   |c 2005 
300 |a 110 σ.;  |b εικ.;  |c 30 εκ. 
502 |a Πτυχιακή εργασία – Πανεπιστήμιο Αιγαίου, Λέσβος, 2005. 
504 |a Βιβλιογραφία: 108-109 
650 0 0 |a Motion pictures  |x Reviews. 
650 0 0 |a Film critics  |z Greece. 
650 0 0 |a Dissertations, Academic  |z Greece. 
700 1 |a Σκοπετέας, Γιάννης.  |4 ths 
710 2 |a Πανεπιστήμιο Αιγαίου.   |b Σχολή Κοινωνικών Επιστημών.   |b Τμήμα Πολιτισμικής Τεχνολογίας και Επικοινωνίας. 
852 |a INST  |b LESVOS  |c DIATR  |e 20060210  |h 87  |p 005100034287  |q 005100034287  |t DIE  |y 23 
852 |a INST  |b LESVOS  |c DIATR  |e 20060210  |h 88  |p 005100034275  |q 005100034275  |t DIE  |y 23 
856 |u http://hdl.handle.net/11610/10647 
901 |a BIBL1-2006-1 
909 |a Λ  |b 124256 
909 |a Λ  |b 124257 
924 |a ΕΥΣΤΑΘΙΑΔΗ  |b ΕΥΑΓΓΕΛΙΑ  |y ΛΕΣΒΟΣ  |z 2005-09 
970 |a ΜΑΡΙΝΑΤΟΥ  |b ΜΥΡΣΙΝΗ  |z 2006/02/10